Statistics for Closest Capital to Capital - Asia #1

Click here to take the quiz!

General Stats

  • This quiz has been taken 5 times
  • The average score is 9 of 10

Answer Stats

HintAnswer% Correct
DamascusAmman
100%
UlaanbaatarBeijing
100%
Abu DhabiDoha
100%
IslamabadKabul
100%
RiyadhManama
100%
TokyoSeoul
100%
AshgabatTehran
100%
BangkokVientiane
100%
TashkentAstana
75%
SeoulPyonyang
25%

Score Distribution

Percentile by Number Answered

Percent of People with Each Score

Your Score History

You have not taken this quiz